000 01216cab a2200313 4500
001 WB3224-39
008 090401t1996 xxu||||| |||| 00| 0 eng d
035 _a(Sirsi) u34325
041 _aeng
245 _aLandmark liability victory
260 _c1996
350 _a0
490 _aFinancial Times
_v21 June 1996, 8
490 _aDaily Telegraph
_v21 June 1996, 13 2
490 _aRICS Press Release
_v(PR82.CORP) 20 June 1996, (3)
520 _aHL ruling on three appeal cases limiting the legal liability of property valuers for negligently overvaluing property offered as security for loans is heralded as an important test case for property professionals. RICS welcomes the decision.
650 _aERWARD ERDMAN GROP V NYKREDIT MORTGAGE BANK
650 _aLIABIITY
650 _aOVERVALUATION
650 _aPROFESSIONAL NEGLIGENCE
650 _aPROPERTY INVESTMENT
650 _aPROPERTY VALUATIONS
650 _aPRUDENTIAL PROPERTY SERVICES LTD V UNITED BANK OF KUWAIT
650 _aYORK MONTAGUE V SOUTH AUSTRALIA ASSET MANAGEMENT CORPORATION
690 _aMANAGEMENT-BUSINESS MANAGEMENT-PROFESSIONAL PRACTICE
690 _aRATING AND VALUATION
942 _n0
948 _c04/03/1997
999 _c22753
_d22753